000 00922nam a2200217Ii 4500
003 JO-AjNU
008 230605s9999||||xx |||||||||||||| ||und||
017 _a2005/10/2483
040 _aJO-AjNU
_bara
_erda
_cJO-AjNU
041 _aara
050 1 4 _aDS153.5.N35 2005
100 3 _aاعداد رابطة الكتاب الاردنيين,
_eauthor
_949514
245 0 0 _aنحواستراتيجية ثقافية وطنية: أوراق العمل التي تم تداولها في الحلقة البحثية التي عقدتها رابطة الكتاب الأردنيين في مركز الحسين الثقافي 16-17/2/ 2002
250 _aط1
264 3 1 _aعمان: امانة عمان الكبرى، 2005
300 _a342ص
336 _atext
_btxt
_2rdacontent
337 _aunmediated
_bn
_2rdamedia
338 _avolume
_bnc
_2rdacarrier
650 4 _aالثقافة- الاستراتيجية-الاردن
_949515
999 _aA21752
_c25320
_d25320